| 000 | 00507nam a22001937a 4500 | ||
|---|---|---|---|
| 005 | 20260410081033.0 | ||
| 008 | 260410b |||||||| |||| 00| 0 eng d | ||
| 020 |
_a978-81-19679-98-0 _c200. |
||
| 040 | _aMAIN | ||
| 041 | _aasm | ||
| 082 |
_a891.45 _bBAR |
||
| 100 | _aBaruah, Anup kr. | ||
| 245 |
_aBharatiya Arya Bhashar Parichoymulok Itihash _cBy Anup Kr. Baruah . |
||
| 250 | _a1st ed. | ||
| 260 |
_aJorhat: _bBidya Bhawan; _c2025. |
||
| 300 | _a174p. | ||
| 650 | _aAssamese | ||
| 942 |
_2ddc _cBK |
||
| 999 |
_c16333 _d16333 |
||